<?xml version="1.0" encoding="UTF-8"?>
<record
    xmlns:xsi="http://www.w3.org/2001/XMLSchema-instance"
    xsi:schemaLocation="http://www.loc.gov/MARC21/slim http://www.loc.gov/standards/marcxml/schema/MARC21slim.xsd"
    xmlns="http://www.loc.gov/MARC21/slim">

  <leader>01439nam a22002897a 4500</leader>
  <controlfield tag="001">36304</controlfield>
  <controlfield tag="003">Ost</controlfield>
  <controlfield tag="005">20260507154548.0</controlfield>
  <controlfield tag="008">251113s9999||||xx |||||||||||||| ||eng||</controlfield>
  <datafield tag="040" ind1=" " ind2=" ">
    <subfield code="c">nitttr</subfield>
  </datafield>
  <datafield tag="082" ind1=" " ind2=" ">
    <subfield code="a">891.433</subfield>
    <subfield code="b">BHA-S</subfield>
  </datafield>
  <datafield tag="100" ind1=" " ind2=" ">
    <subfield code="a">Mannu Bhandari - &#x92E;&#x928;&#x94D;&#x928;&#x942; &#x92D;&#x902;&#x921;&#x93E;&#x930;&#x940;</subfield>
  </datafield>
  <datafield tag="245" ind1=" " ind2="0">
    <subfield code="a">Sampurna Upanyas - &#x938;&#x902;&#x92A;&#x942;&#x930;&#x94D;&#x923; &#x909;&#x92A;&#x928;&#x94D;&#x92F;&#x93E;&#x938;</subfield>
  </datafield>
  <datafield tag="250" ind1=" " ind2=" ">
    <subfield code="a">1st Ed.</subfield>
  </datafield>
  <datafield tag="260" ind1=" " ind2=" ">
    <subfield code="a">Delhi, India</subfield>
    <subfield code="b">Radhakrishna Prakashan</subfield>
    <subfield code="c">2016</subfield>
  </datafield>
  <datafield tag="300" ind1=" " ind2=" ">
    <subfield code="a">640 p.</subfield>
  </datafield>
  <datafield tag="650" ind1=" " ind2=" ">
    <subfield code="a">  &#x928;&#x948;&#x924;&#x93F;&#x915;&#x924;&#x93E; / &#x92E;&#x942;&#x932;&#x94D;&#x92F;-&#x938;&#x902;&#x918;&#x930;&#x94D;&#x937;</subfield>
  </datafield>
  <datafield tag="650" ind1=" " ind2=" ">
    <subfield code="a">  &#x92A;&#x93E;&#x930;&#x93F;&#x935;&#x93E;&#x930;&#x93F;&#x915; &#x930;&#x93F;&#x936;&#x94D;&#x924;&#x947; / &#x92A;&#x93E;&#x930;&#x93F;&#x935;&#x93E;&#x930;&#x93F;&#x915; &#x92E;&#x928;&#x94B;&#x935;&#x948;&#x91C;&#x94D;&#x91E;&#x93E;&#x928;&#x93F;&#x915;&#x924;&#x93E;</subfield>
  </datafield>
  <datafield tag="650" ind1=" " ind2=" ">
    <subfield code="a">  &#x92D;&#x93E;&#x937;&#x93E;-&#x936;&#x948;&#x932;&#x940; / &#x938;&#x939;&#x91C; &#x935; &#x928;&#x948;&#x938;&#x930;&#x94D;&#x917;&#x93F;&#x915; &#x938;&#x902;&#x935;&#x93E;&#x926;  &#x935;&#x94D;&#x92F;&#x902;&#x917;&#x94D;&#x92F; / </subfield>
  </datafield>
  <datafield tag="650" ind1=" " ind2=" ">
    <subfield code="a">  &#x92E;&#x928;&#x94B;&#x935;&#x943;&#x924;&#x94D;&#x924;&#x93F; / &#x905;&#x902;&#x924;&#x930;&#x94D;&#x92E;&#x928;-&#x935;&#x93F;&#x936;&#x94D;&#x932;&#x947;&#x937;&#x923;</subfield>
  </datafield>
  <datafield tag="650" ind1=" " ind2=" ">
    <subfield code="a">  &#x936;&#x939;&#x930;-&#x917;&#x94D;&#x930;&#x93E;&#x92E;&#x940;&#x923; &#x91C;&#x940;&#x935;&#x928; &#x905;&#x902;&#x924;&#x930;</subfield>
  </datafield>
  <datafield tag="650" ind1=" " ind2=" ">
    <subfield code="a">  &#x938;&#x93E;&#x92E;&#x93E;&#x91C;&#x93F;&#x915; &#x92F;&#x925;&#x93E;&#x930;&#x94D;&#x925; / &#x938;&#x93E;&#x92E;&#x93E;&#x91C;&#x93F;&#x915; &#x938;&#x92E;&#x940;&#x915;&#x94D;&#x937;&#x93E;</subfield>
  </datafield>
  <datafield tag="650" ind1=" " ind2=" ">
    <subfield code="a">  &#x938;&#x94D;&#x924;&#x94D;&#x930;&#x940;-&#x92A;&#x930;&#x915; &#x926;&#x943;&#x937;&#x94D;&#x91F;&#x93F;&#x915;&#x94B;&#x923; / &#x928;&#x93E;&#x930;&#x940; &#x935;&#x93F;&#x92E;&#x930;&#x94D;&#x936; / &#x92E;&#x939;&#x93F;&#x932;&#x93E;-&#x92E;&#x93E;&#x928;&#x938;</subfield>
  </datafield>
  <datafield tag="650" ind1=" " ind2=" ">
    <subfield code="a">&#x909;&#x92A;&#x939;&#x93E;&#x938; / &#x938;&#x93E;&#x92E;&#x93E;&#x91C;&#x93F;&#x915; &#x906;&#x932;&#x94B;&#x91A;&#x928;&#x93E;</subfield>
  </datafield>
  <datafield tag="650" ind1=" " ind2=" ">
    <subfield code="a">&#x939;&#x93F;&#x902;&#x926;&#x940; &#x909;&#x92A;&#x928;&#x94D;&#x92F;&#x93E;&#x938; / &#x906;&#x927;&#x941;&#x928;&#x93F;&#x915; &#x939;&#x93F;&#x902;&#x926;&#x940; &#x938;&#x93E;&#x939;&#x93F;&#x924;&#x94D;&#x92F;</subfield>
  </datafield>
  <datafield tag="942" ind1=" " ind2=" ">
    <subfield code="c">BK</subfield>
  </datafield>
  <datafield tag="999" ind1=" " ind2=" ">
    <subfield code="c">126</subfield>
    <subfield code="d">126</subfield>
  </datafield>
  <datafield tag="952" ind1=" " ind2=" ">
    <subfield code="0">0</subfield>
    <subfield code="1">0</subfield>
    <subfield code="4">0</subfield>
    <subfield code="7">0</subfield>
    <subfield code="a">NITTTR</subfield>
    <subfield code="b">NITTTR</subfield>
    <subfield code="d">2026-05-07</subfield>
    <subfield code="l">0</subfield>
    <subfield code="o">891.433 BHA-S</subfield>
    <subfield code="p">50218</subfield>
    <subfield code="r">2026-05-07 15:45:48</subfield>
    <subfield code="w">2026-05-07</subfield>
    <subfield code="y">BK</subfield>
  </datafield>
</record>
